Exciton dynamics and interfacial engineering in semiconducting nanomaterials : (Record no. 36860)
[ view plain ]
| 000 -LEADER | |
|---|---|
| fixed length control field | 00946nam a22002657a 4500 |
| 003 - CONTROL NUMBER IDENTIFIER | |
| control field | NISER |
| 005 - DATE AND TIME OF LATEST TRANSACTION | |
| control field | 20260415183728.0 |
| 008 - FIXED-LENGTH DATA ELEMENTS--GENERAL INFORMATION | |
| fixed length control field | 260415b |||||||| |||| 00| 0 hin d |
| 040 ## - CATALOGING SOURCE | |
| Original cataloging agency | NISER LIBRARY |
| Language of cataloging | eng |
| Transcribing agency | NISER LIBRARY |
| 082 04 - DEWEY DECIMAL CLASSIFICATION NUMBER | |
| Classification number | 544.72:620.3 |
| Item number | CHA-E |
| 100 10 - MAIN ENTRY--PERSONAL NAME | |
| Personal name | Chakraborty, Debabrata |
| 245 10 - TITLE STATEMENT | |
| Title | Exciton dynamics and interfacial engineering in semiconducting nanomaterials : |
| Remainder of title | role of ionic liquids and organic hybrids |
| 260 ## - PUBLICATION, DISTRIBUTION, ETC. (IMPRINT) | |
| Place of publication, distribution, etc. | Bhubaneswar : |
| Name of publisher, distributor, etc. | NISER, |
| Date of publication, distribution, etc. | 2025. |
| 300 ## - PHYSICAL DESCRIPTION | |
| Extent | xxxv, 201 pages : |
| Other physical details | illustrations (color) ; |
| Dimensions | 30.9 cm. |
| 650 #0 - SUBJECT ADDED ENTRY--TOPICAL TERM | |
| Topical term or geographic name as entry element | Semiconductors |
| General subdivision | Materials |
| Form subdivision | Research |
| 650 #0 - SUBJECT ADDED ENTRY--TOPICAL TERM | |
| Topical term or geographic name as entry element | Nanostructured materials |
| 650 #0 - SUBJECT ADDED ENTRY--TOPICAL TERM | |
| Topical term or geographic name as entry element | Interfacial engineering |
| 650 #0 - SUBJECT ADDED ENTRY--TOPICAL TERM | |
| Topical term or geographic name as entry element | Ionic Liquids |
| 650 #0 - SUBJECT ADDED ENTRY--TOPICAL TERM | |
| Topical term or geographic name as entry element | Quantum Dots |
| 650 #0 - SUBJECT ADDED ENTRY--TOPICAL TERM | |
| Topical term or geographic name as entry element | Interfacial chemistry |
| 650 #0 - SUBJECT ADDED ENTRY--TOPICAL TERM | |
| Topical term or geographic name as entry element | Organic-inorganic hybrid materials |
| 700 1# - ADDED ENTRY--PERSONAL NAME | |
| Personal name | Sarkar, Moloy |
| Relator term | Guide |
| 856 41 - ELECTRONIC LOCATION AND ACCESS | |
| Uniform Resource Identifier | <a href="https://idr.niser.ac.in/jspui/handle/123456789/1507">https://idr.niser.ac.in/jspui/handle/123456789/1507</a> |
| 942 ## - ADDED ENTRY ELEMENTS (KOHA) | |
| Source of classification or shelving scheme | Universal Decimal Classification |
| Koha item type | Theses (Ph.D) |
| Withdrawn status | Lost status | Source of classification or shelving scheme | Damaged status | Not for loan | Home library | Current library | Date acquired | Total Checkouts | Full call number | Barcode | Date last seen | Price effective from | Koha item type |
|---|---|---|---|---|---|---|---|---|---|---|---|---|---|
| Universal Decimal Classification | NISER LIBRARY | NISER LIBRARY | 15/04/2026 | 544.72:620.3 CHA-E | T1030 | 15/04/2026 | 15/04/2026 | Theses (Ph.D) |